|
|
|
|
| LEADER |
00000nab a2200000 a 4500 |
| 001 |
vtls010208927 |
| 003 |
SK-MaSNL |
| 005 |
20260304155817.0 |
| 008 |
250507 2010 xo 000 0 slo |
| 015 |
|
|
|a SNBRB2011/02
|2 lmaosk
|
| 035 |
|
|
|a (uuid)280e5557-6792-4b42-9f3c-5ad8955179f0
|
| 035 |
|
|
|a urn:nbn:sk:snk-ababwm
|
| 035 |
|
|
|a (urnnbn)urn:nbn:sk:snk:ar-a0ak6w
|
| 040 |
|
|
|a SNKBUCL
|b slo
|c SNKBUCL
|e AACR2
|
| 041 |
0 |
|
|a eng
|
| 044 |
|
|
|a xo
|c SK
|
| 080 |
|
|
|a 534
|2 2001
|
| 100 |
1 |
|
|a Konovalova, Elena,
|4 aut
|9 1481855
|
| 245 |
1 |
0 |
|a Environmental capacity of an airport as an element of balanced approach to aircraft noise control
|c Elena Konovalova
|
| 300 |
|
|
|b Grafy
|
| 504 |
|
|
|a Bibliogr. odkazy
|
| 546 |
|
|
|a Res. angl.
|
| 650 |
0 |
7 |
|a letiská
|2 lmaosk
|9 3006
|
| 650 |
0 |
7 |
|a meranie hluku
|2 lmaosk
|9 27118
|
| 650 |
0 |
7 |
|a emisie
|2 lmaosk
|9 290897
|
| 773 |
0 |
|
|t Science & Military
|g Roč. 5, č. 2 (2010), s. 83-86
|x 1336-8885
|
| 850 |
|
|
|a Slovenská národná knižnica
|
| 852 |
|
|
|a Slovenská národná knižnica
|
| 856 |
4 |
1 |
|u http://www.aos.sk/casopisy/science/dokumenty/archiv/2010_2/cl14.pdf
|
| 958 |
|
|
|a article14
|
| 958 |
|
|
|a NB
|
| 958 |
|
|
|a OND
|
| 958 |
|
|
|a EUIPO
|
| 999 |
|
|
|c 2964397
|d 2966327
|